Регионална библиотека "Любен Каравелов" - Русе

Нюйоркски гамбит (Запис номер 328222)

MARC детайли
000 -Лидер
Контролно поле с фиксирана дължина 01038nam a2200277 4500
003 - Код на организацията, давaща контролен номер
Контролно поле BLK
005 - Дата и час на последна редакция
Контролно поле 20240105162538.0
008 - Елементи от данни с фиксирана дължина
fixed length control field 181219b bu ||||| |||| 00| 0 bu d
020 ## - Международен стандартен номер на книга ISBN
Международен стандартен номер на книга ISBN 978-619-90908-1-7
040 ## - Източник на каталожния запис
Идентификатор на билиотеката - собственик на записа BLK
041 ## - Код за език
Код за езика на текст/звукозапис или на отделно заглавие Български
Код за езика КДБФ Български
080 ## - УДК
Текстов определител УДК Американска литература (на САЩ)
УДК код - определител по УДК 821.111(73)
УДК - код + определител 821.111(73)-31
100 ## - Редна дума - Автор
Автор Харисън, Колин
Авторска отговорност първи автор
R(LIN) 1299
139 ## - Редно поле
Редна дума Харисън, Колин
Авторски знак Хари - Х 27
245 ## - Сведения за заглавието
Заглавие Нюйоркски гамбит
Подзаглавни данни Роман
Редно поле (дума) Колин Харисън; прев. Владислава Дюлгарова, Асен Дюлгеров
260 ## - Област на издателските данни
9 (RLIN) 389882
Място на издаване, разпространение и проч. София
Име на издателя, разпространителя и проч. Куантум
Година на издаване 2018
300 ## - Физическа характеристика
Страници 448 с.
Размери/Мащаб 20 см
380 ## - Жанр
Жанр Худож. лит.
700 ## - Други автори (авторска отговорност)
9 (RLIN) 966
Лично име Дюлгерова, Владислава
Автороска отговорност (Описва отношението между автора и произведението) прев.
700 ## - Други автори (авторска отговорност)
9 (RLIN) 966
Лично име Дюлгеров, Асен
Автороска отговорност (Описва отношението между автора и произведението) прев.
852 ## - Местоположение
Фондова буква Заемна - подръчен фонд
Систематично-азбучна сигнатура П 820(73)-31/Х 27
852 ## - Местоположение
Фондова буква Хранилище
Форматна сигнатура Цб 296732
999 ## - СИСТЕМНИ КОНТРОЛНИ НОМЕРА
Koha biblionumber 328222
Koha biblioitemnumber 328222
942 ## - АРТИКУЛИ
Скрит в OPAC Не
Вид на библиотечния материал Книги
Koha issues (borrowed), all copies 22
Периодичен библиозапис Да
999 ## - СИСТЕМНИ КОНТРОЛНИ НОМЕРА
Koha biblioitemnumber 328222
944 ## - СЪЗДАВАНЕ И РЕДАКЦИЯ на ЗАПИСА
Служител, извършил регистрацията/редакцията 30530
Статус, дата на статуса Минев Младен
Наличности
Код за отписване Код за изгубен артикул Източник на класификационната схема Код за повреда Коз за рестрикции Код за отдаване Артикулен № Име на библиотеката - собственик Име на библиотеката, в която се намира в момента Статус (Текущо местоположение) Дата на вписване в системата Местоположение - отдел Цена в лева Систематично азбучна сигнатура Баркод Цена в евро Служебен тип на артикула
  Не е изгубен Universal Decimal Classification Не е повреден без рестрикции заемане за дома 687954 Регионална библиотека "Любен Каравелов" Русе Регионална библиотека "Любен Каравелов" Русе Заемна - подръчен фонд 2019-01-02 Заемна - подръчен фонд 16.00 П 820(73)-31/Х 27 120000828672 8.18 Книги
  Не е изгубен Universal Decimal Classification Не е повреден без рестрикции заемане за дома 687955 Регионална библиотека "Любен Каравелов" Русе Регионална библиотека "Любен Каравелов" Русе Заемна - подръчен фонд 2019-01-02 Заемна - подръчен фонд 16.00 П 820(73)-31/Х 27 120000828671 8.18 Книги
  Не е изгубен Universal Decimal Classification Не е повреден   ползва се в читалня 737450 Регионална библиотека "Любен Каравелов" Русе Регионална библиотека "Любен Каравелов" Русе Хранилище 2019-09-12 Хранилище 16.00 Цб 296732 120000836238 8.18 Книги
Vip Innovations Ltd, Rousse, Bulgaria 2025